000
00343nam a2200145Ia 4500
008
260601s2001 xx 000 0 und d
020
_a
978-0-72-97609-0
041
_a
eng
082
_a
658.4092/COL
100
_a
COLLINS JIM
245
_a
GOOD YO GREAT
260
_a
UK
_b
PENGUIN RANDOM HOUSE
_c
2001
300
_a
H.B,300
650
_a
MBA
999
_c
1222333
_d
1222333